| 000 | 00884nam a22002537a 4500 | ||
|---|---|---|---|
| 005 | 20170124110156.0 | ||
| 010 | _aA-302855 | ||
| 020 |
_c00.00 _a0443038058 |
||
| 035 | _aA-302855 | ||
| 037 | _bCen Lib/Ret | ||
| 040 |
_aDPL _bEN |
||
| 082 |
_a617 _bFOR |
||
| 100 |
_aForrest, A. P. M _935165 |
||
| 245 |
_aPrinciples and practice of surgery : _cby A. P. M. Forrest, David C. Carter [and] I. B. Macleod _ba surgical supplement to Davidson's Principles and practice of medicine / |
||
| 260 |
_aEdinberg _bEnglish Language Book Society _c1985 |
||
| 270 |
_aRobert stevention hose, 1-3 baxter's place _bEdinberg |
||
| 300 |
_aix,672p. : _c23cm(Hb) _bill. |
||
| 500 | _aincludes index | ||
| 650 |
_aSurgery _972845 |
||
| 650 |
_aSurgery, Operative _935167 |
||
| 700 |
_aCarter, David C _935168 |
||
| 700 |
_aMacleod, I. B _935169 |
||
| 942 |
_2ddc _cEN _h617 _mFOR |
||
| 999 |
_c132579 _d132579 |
||